Zhodnotenie podnikateľského prostredia pre malé a stredné podniky SR diplomová práca

Na minha lista:
Detalhes bibliográficos
Autor principal: Pielowá, Dagmar
Autor Corporativo: Fakulta podnikového manažmentu EU. Katedra podnikovohospodárska
Outros Autores: Čunderlík, Dušan
Formato: Livro
Idioma:eslovaco
Publicado em: Bratislava 2008
Tags: Adicionar Tag
Sem tags, seja o primeiro a adicionar uma tag!

MARC

LEADER 00000nam$a2200000$$$4500
001 0086271
005 20240201120917.8
041 0 |a slo 
044 |a SK 
245 1 0 |a Zhodnotenie podnikateľského prostredia pre malé a stredné podniky SR  |b diplomová práca  |c Dagmar Pielowá ; škol. Dušan Čunderlík 
264 1 |a Bratislava  |c 2008 
300 |a 76 s. 
100 1 |a Pielowá, Dagmar 
700 1 |a Čunderlík, Dušan 
710 2 |a Fakulta podnikového manažmentu EU. Katedra podnikovohospodárska